000 00384 a2200145 4500
005 20250629110045.0
020 _a1563671883
082 _a543.7 BOH
100 _aBOHLINGER,S.M.
245 _aMerchandise Buying
250 _a5th Ed.
260 _aNew York
_bFairchild Publications,Inc.
_c2001
300 _axxv,473p.:ill., pictures,tables
_bindex & Reference
_c26cm.
942 _2ddc
_cBKS
999 _c6276
_d6276